01064 2200325 4500001002100000005001700021008004100038020002200079035002400101040001200125041001300137082001700150084001700167100003200184245011600216250001100332260002800343300003200371500004700403500006400450504003100514505005400545650002500599650003100624700001600655700001900671850001200690990001800702990001800720INLIS00000000003012920170815101917.0  a978-979-039-335-9 0010-081700000000335 aYOPDYOG1 aindhara042[23]a297.18 a297.18 Alj K1 aAL-JALIL, Abdul Aziz Nashir1 aKisah teladan orang-orang salehc/ Abdul aziz Nashir Al-Jalil; alih bahasa, Ikhwanuddin; editor, Firman Arifian aCet. 1 aJakartabIstanbulc2015 a246 hlm.b: ilus.c; 23 cm. aJudul asli: aina nahnu min akhlákis salaf aTeks dalam bahasa Indonesia, diterjemahkan dari bahasa Arab aBibliografi : hlm. 243-246 aTermasuk kutipan dalam bahasa Arab dari Al-Qur'an 4aIslamxCerita-cerita aKehidupan beragama (Islam)0 aIkhwanuddin0 aFirman Arifian aYOPDYOG a55835-PD/A.17 a55834-PD/A.17